000 00436nam a2200181Ia 4500
008 210210b1913 xxu||||| |||| 00| 0 eng d
041 _aeng
082 _a825/795
100 _aSMEATON (O)
245 _aLongfellow and his poetry
260 _aLondon
_bGeorge G Harrap and Company Limited
_c1913
650 _apoetry
650 _aLongfellow
650 _ahis
650 _aand
690 _aEnglish Criticism
906 _a015110
999 _c134429
_d134429